000 00959nam a2200265 a 4500
001 BRCA_4905
005 20190320204843.0
008 201010s1885----fr-a######---#000-0#fre-#
041 _afre
044 _afr
050 4 _aF1215
_b.Ch36 1
_c1885
100 1 _aCharnay, Desire
_d1828-1915
_96275
245 1 0 _aLes Anciennes Villes du Nouveau Monde
_bVoyages d´explorations au Mexique et dans l´Amerique Centrale
_cpar Desire Charnay.
260 _aParís
_bHachette
_c1885
300 _axii, 469 p.
_bil., 214 láminas
_c35 cm.
500 _aIncluye índice de ilustraciones e índice de materias
500 _aSe encuentra fuera de biblioteca, en una exposición en el Museo Estudio Diego Rivera
500 _aEjemplar igual a T65 (Caja Fuerte)
500 _aCG13
650 1 4 _aViajeros franceses
_97982
651 4 _aMéxico
_xDescripción y viajes
_9103
651 4 _aAmérica Central
_xDescripción y viajes
_99701
902 _aGFM
942 _2lcc
_cB
999 _c4599
_d4599